| 000 | 00607nam a2200169 a 4500 | ||
|---|---|---|---|
| 008 | 120416s1986 ||||||||||||||||| || u | ||
| 020 | _a0727702653 | ||
| 050 | _aTA 772 Cor | ||
| 245 | 0 | 0 | _aCorrosion and protection of prestressed ground anchorages |
| 260 |
_aLondon _bThomas Telford _c1986 |
||
| 300 | _a28p. : ill. | ||
| 350 | _a0.00 | ||
| 490 | _aFIP state of the art report | ||
| 650 | _aCORROSION AND ANTI-CORROSIVES | ||
| 650 | _aTEXTBOOKS | ||
| 995 |
_D0.00 _FCBU-MAIN LIBRARY (Kitwe) _H1 _I14.00 _M1 _UAVAILABLE _ZAnnex Low-Usage Collection |
||
| 999 |
_c38940 _d38940 |
||